تعطير الانام فى تعبير المنام

Bibliographic Details
Main Authors: نابلسي، عبد الغني بن اسماعيل (Author), ظاهري, غرس الدين خليل بن شاهين (Author)
Format: Book
Published: Bayrut Dar Ihya' al-Turath al-`Arabi [19--]
Subjects:

MARC

LEADER 00000cam a2200000 7i4500
001 0000000911
008 021118n
090 0 0 |a BF1078  |b .N32 
100 0 |a نابلسي، عبد الغني بن اسماعيل  |e author 
245 1 0 |a تعطير الانام فى تعبير المنام  |c عبدالغنى النابلسي  |f وبهامشة الكتاب المسمى بمنتخب الكلام فى تفسير الاحلام لمحمد بن سيرين والاشارات فى علم العبارات لسيدى خليل بن شاهين الظاهري 
260 2 |a Bayrut  |b Dar Ihya' al-Turath al-`Arabi  |c [19--] 
300 |a 2 v.  |c 28 cm 
650 0 |a Dreams 
700 1 |a ظاهري, غرس الدين خليل بن شاهين  |e author 
745 0 0 |a Tatir al-anam fi ta`bir al-manam 
999 |a 1000013288  |b Book  |c OPEN SHELF (30 DAYS)  |e Gong Badak Campus 
999 |a 1000013289  |b Book  |c OPEN SHELF (30 DAYS)  |e Gong Badak Campus 
999 |a 1000044669  |b Book  |c OPEN SHELF (30 DAYS)  |e Gong Badak Campus 
999 |a 1000048574  |b Book  |c OPEN SHELF (30 DAYS)  |e Gong Badak Campus